000 00349pam a2200133a 44500
008 230405s2011 xxu||||| |||| 00| 0 eng d
020 _a9350251620
_cRs. 325
082 _a610.7342
_bCOR
100 _aCorreia,Cecy
245 _aComprehensive Community Health Nursing
260 _aNew Delhi
_bJaypee Pub
_c2011
300 _a296 p
906 _a001423
999 _c250117
_d250117